| 000 | 00418nam a2200169 a 4500 | ||
|---|---|---|---|
| 001 | 0000-9327 | ||
| 003 | ELIB.Books | ||
| 008 | 110520 1981 | ||
| 035 | _a(ELIB.Books)0000-9479 | ||
| 082 |
_a232.9 _bPoi |
||
| 100 | _aPoinsett, Brenda | ||
| 245 | _aWhen Jesus Prayed | ||
| 260 |
_bNashville: Broadman Press _c1981 |
||
| 650 | _aJesus Christ | ||
| 942 |
_2ddc _cBK |
||
| 998 |
_cbat _e2011-05-20 |
||
| 999 |
_c9327 _d9327 |
||